000 01205nam a2200265 i 4500
001 bg
100 1 _aDOBROWOLSKI, Grzegorz
245 1 0 _aTechnologie agentowe w zdecentralizowanych systemach informacyjno-decyzyjnych /
_cGrzegorz Dobrowolski.
246 1 1 _aAgent-based technology for decentralised information and decision support systems
260 _aKraków :
_bAGH. Uczelniane Wydawnictwa Naukowo-Techniczne,
_c2002.
300 _a179 s. :
_bil. ;
_c24 cm.
490 1 _aRozprawy, Monografie / [Akademia Górniczo-Hutnicza im. Stanisława Staszica w Krakowie] =
_aDissertations, Monographies,
_x0867-6631 ;
_v107
500 _aTyt. równol.: Agent-based technology for decentralised information and decision support systems. - Streszcz. ang.
504 _aBibliogr. przy rozdz.
650 9 _aSystemy informacyjne
_xstosowanie
650 9 _aSystemy informacyjne
_xprojekty
650 9 _aSystemy agentowe
650 9 _aDecyzje
_xautomatyzacja
830 0 _aRozprawy, Monografie ([Akademia Górniczo-Hutnicza im. Stanisława Staszica w Krakowie]) ;
_v107
040 _cBPK
041 0 _apol
_beng
080 _a519.8:004.891+004.94
942 _cKS
008 s pl f |000 0 pol
999 _c42844
_d42844
856 _uhttp://koha.tu.koszalin.pl/cgi-bin/koha/opac-detail.pl?biblionumber=42844
_yKatalog online BPK